ၵႂၢမ်းသွၼ်ပုတ်ႉထၽြႃးပဵၼ်ၸဝ်ႈၼႂ်းထမ်မပတ (Record no. 6219)

000 -LEADER
fixed length control field 00745nam a22002057a 4500
003 - CONTROL NUMBER IDENTIFIER
control field OSt
005 - DATE AND TIME OF LATEST TRANSACTION
control field 20260128094210.0
008 - FIXED-LENGTH DATA ELEMENTS--GENERAL INFORMATION
fixed length control field 210813b ||||| |||| 00| 0 eng d
040 ## - CATALOGING SOURCE
Transcribing agency OSt
041 ## - LANGUAGE CODE
Language code of text/sound track or separate title Shan
082 ## - DEWEY DECIMAL CLASSIFICATION NUMBER
Classification number 294.382322
245 ## - TITLE STATEMENT
Title ၵႂၢမ်းသွၼ်ပုတ်ႉထၽြႃးပဵၼ်ၸဝ်ႈၼႂ်းထမ်မပတ
260 ## - PUBLICATION, DISTRIBUTION, ETC.
Place of publication, distribution, etc. [ဢမ်ႇပႃးဝဵင်း]
Name of publisher, distributor, etc. [ဢမ်ႇပႃးတီႈ]
Date of publication, distribution, etc. 2014
300 ## - PHYSICAL DESCRIPTION
Extent 440 ၼႃႈ
Dimensions 18 ၸိၼ်ႇထီႇ
500 ## - GENERAL NOTE
General note S-SAT: Dr. Prof Sai Aung Tun
650 ## - SUBJECT ADDED ENTRY--TOPICAL TERM
Topical term or geographic name entry element ထမ်မပတ
710 ## - ADDED ENTRY--CORPORATE NAME
Corporate name or jurisdiction name as entry element မႁႃမုင်ႉ (မိူင်ႈၸႄႈ) ပိၼ်ႇၽႃႇသႃႇ-
942 ## - ADDED ENTRY ELEMENTS (KOHA)
Koha item type Books (Long term)
650 ## - SUBJECT ADDED ENTRY--TOPICAL TERM
9 (RLIN) 21717
710 ## - ADDED ENTRY--CORPORATE NAME
9 (RLIN) 65817
Source of classification or shelving scheme
Holdings
Withdrawn status Lost status Source of classification or shelving scheme Damaged status Not for loan Collection Code Permanent Location Current Location Shelving location Date acquired Total Checkouts Full call number Barcode Date last seen Copy number Price effective from Koha item type Accession Date last checked out
          Tai Collection Shan State Buddhist University Library Shan State Buddhist University Library Tai Shelves 13/08/2021   294.382322 ၵႂၢမ်း ႙႖(1) SH00000096 13/08/2021 1 13/08/2021 Books (Long term) ႙႖(1)  
          Tai Collection Shan State Buddhist University Library Shan State Buddhist University Library Tai Shelves 13/08/2021   294.382322 ၵႂၢမ်း ႙႗(2) SH00000097 13/02/2024 2 13/08/2021 Books (Long term) ႙႗(2)  
          Tai Collection Shan State Buddhist University Library Shan State Buddhist University Library Tai Shelves 13/08/2021   294.382322 ၵႂၢမ်း ႑႔႒(3) SH00000142 13/08/2021 3 13/08/2021 Books (Long term) ႑႔႒(3)  
          Tai Collection Shan State Buddhist University Library Shan State Buddhist University Library Tai Shelves 13/08/2021   294.382322 ၵႂၢမ်း ႑႔႓(4) SH00000143 13/08/2021 4 13/08/2021 Books (Long term) ႑႔႓(4)  
          Tai Collection Shan State Buddhist University Library Shan State Buddhist University Library Tai Shelves 13/08/2021 1 294.382322 ၵႂၢမ်း ႑႔႔(5) SH00000144 11/01/2024 5 13/08/2021 Books (Long term) ႑႔႔(5) 08/01/2024
          Tai Collection Shan State Buddhist University Library Shan State Buddhist University Library Tai Shelves 25/01/2023   294.382322 ၵႂၢမ်း ႓႔႓႖(6) SH00003436 25/01/2023 6 25/01/2023 Books (Long term) ႓႔႓႖(6)  
          Special Collections Shan State Buddhist University Library Shan State Buddhist University Library Special Collection Shelves 24/06/2023   294.382322 ၵႂၢမ်း ႑႗႓႕ S-SAT SH00001735 24/06/2023 7 24/06/2023 Book (Short term) ႑႗႓႕ S-SAT  

Library - 09407999929
Admin Office - 09407999979
Dean Office - 09250910768
Registrar Office - 09892297154
Email - [email protected]
Shan State Buddhist University, Phaya Phyu Taunggyi, Shan State, Myanmar.